|
|
|
|
| LEADER |
00000nam a22000007a 4500 |
| 005 |
20201204215835.0 |
| 007 |
cr|||| |||| |
| 008 |
201204s2018 co |||||s|||| 00||0 spa d |
| 020 |
|
|
|a 978-958-781-199-5
|
| 035 |
|
|
|a 32328
|
| 040 |
|
|
|a vLex
|
| 090 |
|
|
|c 10924
|d 10924
|
| 100 |
1 |
|
|a Delgado Salazar, Ricardo
|
| 245 |
1 |
0 |
|a Del desprecio social al reconocimiento
|h [Recurso electrn̤ico] /
|c Ricardo Delgado Salazar
|
| 256 |
|
|
|a Servicio en ln̕ea
|
| 260 |
|
|
|a Bogot:̀
|b Pontificia Universidad Javeriana,
|c 2018
|
| 300 |
|
|
|a 1 recurso electrn̤ico
|
| 500 |
|
|
|a Las prc̀ticas de orientacin̤ escolar de niǫs, niąs y jv̤enes desvinculados y desmovilizados de los grupos armados en Colombia El ingreso al sistema escolar de la poblacin̤ vc̕tima del conflicto armado en Colombia, en especial de desmovilizados y desvinculados, supone distintas transiciones. En las prc̀ticas de la orientacin̤ escolar esto implica la formulacin̤ de estrategias y protocolos de atencin̤ y acompaąmiento en el proceso de integracin̤ a la vida civil. Este libro aborda la estructura del reconocimiento intersubjetivo y destaca las dimensiones jurd̕icas, polt̕icas, afectivas, sociales y pedagg̤icas de los desmovilizados y desvinculados, para proponer un renovado marco de accin̤ e intervencin̤ relacionado con las subjetividades de estas personas.
|
| 506 |
1 |
|
|a Disponible solo en los productos indicados
|d vLex Global
|d vLex Global (Academic Edition, excluding Law Schools)
|d vLex Global (U.S. Academic Edition, Law Schools)
|d vLex Global (U.S. Academic Edition, excluding Law Schools)
|d vLex Global (Academic Edition, Law Schools)
|
| 650 |
0 |
4 |
|a Educacin̤
|z Colombia
|
| 650 |
0 |
4 |
|a Ciencias sociales
|z Colombia
|
| 650 |
0 |
4 |
|a Sociologa̕
|z Colombia
|
| 650 |
0 |
4 |
|a Educacin̤
|z Colombia
|
| 650 |
0 |
4 |
|a Filosofa̕ y religin̤
|z Colombia
|
| 740 |
0 |
|
|a vLex Libros (Servicio en ln̕ea)
|
| 856 |
4 |
0 |
|u http://vlex.com/source/del-desprecio-social-al-reconocimiento-32328
|z Acceso restringido
|
| 942 |
|
|
|c BOOK
|
| 999 |
0 |
|
|a Education
|
| 999 |
0 |
|
|a Social Sciences
|
| 999 |
0 |
|
|a Sociology
|
| 999 |
0 |
|
|a Education
|
| 999 |
0 |
|
|a Philosophy and religion
|